00856nam a2200241Ia 4500001000600000003000900006008004100015040001300056040001300069041001300082100002100095100002900116245004200145245008600187250001100273260000900284260001200293260004900305300005600354500014900410650002400559650003100583H0771IT-RoPAU130308s9999 xx 000 0 und d aIT-RoPAU cIT-RoPAU aITALIANO aPezzini Isabella gCodice Aut. SPICS: 14563 aForme brevi, a intelligenza del resto bTrailer, Spot, Clip, Siti, Banner. Le forme brevi della Comunicazione Audiovisiva a1a ed. aROMA bMeltemi c2002 [1° Ed.:2002 - Ed.Ling.Originale:2002] a"21 p. (prefazione: no ; testo: 21 [pagine: 9-29])" aPervasi Dalla Pubblicità. Verso una Sociosemiotica. Televisione e Pubblicità. nodi e Rete. Paratesti o forme Brevi? Intelligenza del testo . aSAGGI DI SEMIOLOGIA eCodice materia Spics: 3257